000
00205 a2200097 4500
001
48284
100
_a
Munro's
245
_a
Engineering ann
260
_a
Glasgoco
_b
Janes' murno
_c
090
_c
31236
_d
31236
942
_a
NUST-CAE
_c
M
_c
23599
999
_c
283357
_d
283357